| 000 | 00334nam a22001337a 4500 | ||
|---|---|---|---|
| 008 | 170508b xxu||||| |||| 00| 0 eng d | ||
| 020 | _a9780820561363 | ||
| 041 | _aeng | ||
| 080 | _a342 | ||
| 100 | _a15 | ||
| 101 | _aSHJ | ||
| 245 |
_aLICENSING OF INTELLECTUAL PROPERTY AND OTHER INFORMATION ASSETS _cNIMMER, R.T |
||
| 942 |
_2udc _cBK |
||
| 999 |
_c13002 _d13002 |
||